| 000 | 00646nam a22002177a 4500 | ||
|---|---|---|---|
| 999 |
_c12879 _d12879 |
||
| 003 | AR-CdUCM | ||
| 008 | 190410b ||||| |||| 00| 0 spa d | ||
| 020 | _a978-612-45443-3-0 | ||
| 040 |
_aMUNICIPALIDAD PROVINCIAL DEL CUSCO _cBIBLIOTECA MUNICIPAL DEL CUSCO |
||
| 082 |
_aES / 373.869 / _bC25 |
||
| 100 |
_aCandia Muriel, Carlos _91059 |
||
| 245 | _aFácil Baby y otros cuentos / | ||
| 260 |
_aCusco : _bEmaus ediciones, _c2011. |
||
| 300 |
_a95 paginas ; _c20 cm. |
||
| 500 | _aLiteratura y cuentos | ||
| 650 |
_aLiteratura _983 |
||
| 650 |
_aCuentos _9217 |
||
| 650 |
_aHistoria _9136 |
||
| 942 |
_2ddc _cLIBROS |
||
| 945 |
_apjha _d2019-04-10 |
||